000 00534nam a22002057a 4500
003 OSt
005 20140310183005.0
008 130209t xxu||||| |||| 00| 0 eng d
020 _a9789712354175
050 _aGT 3405
_b.R763 2009
100 _aRomero, Eloisa A.
245 _aEvents management handbook /
_cEloisa A. Romero
260 _aManila :
_bRex Book Store,
_c2009.
300 _a86 p. :
_c26 cm.
521 _aTOU
650 _aSpecial events
_vHandbook.
942 _2lcc
_cBK
_kLOC
999 _c18162
_d18162